Effects of Social Media on the Study Habits of Grade 7 Students (Record no. 83668)

MARC details
000 -LEADER
fixed length control field 01163nam a22002417a 4500
003 - CONTROL NUMBER IDENTIFIER
control field URS
005 - DATE AND TIME OF LATEST TRANSACTION
control field 20250717135034.0
008 - FIXED-LENGTH DATA ELEMENTS--GENERAL INFORMATION
fixed length control field 250717b |||||||| |||| 00| 0 eng d
050 00 - LIBRARY OF CONGRESS CALL NUMBER
Classification number LG 221.R59
Item number .B792 2015
100 1# - MAIN ENTRY--PERSONAL NAME
Personal name Broqueza, Jessanel M.
Relator term Researcher
245 10 - TITLE STATEMENT
Title <a href="Effects of Social Media on the Study Habits of Grade 7 Students">Effects of Social Media on the Study Habits of Grade 7 Students</a>
Remainder of title : A case study
Statement of responsibility, etc Broqueza, Jessanel M. Cherie Mae S. Damalerio, Klaire Alma Z. Martinez
260 #1 - PUBLICATION, DISTRIBUTION, ETC. (IMPRINT)
Date of publication, distribution, etc 2015
300 ## - PHYSICAL DESCRIPTION
Extent xii, 77 leaves;
Other physical details illustrations
Dimensions 28 cm.
336 ## - CONTENT TYPE
Source rdacontent
Content type term text
337 ## - MEDIA TYPE
Source rdamedia
Media type term unmediated
338 ## - CARRIER TYPE
Source rdacarrier
Carrier type term volume
502 ## - DISSERTATION NOTE
Dissertation note Undergraduate Study Thesis
Degree type Bachelor Of Secondary Education Major in Biological Science
Name of granting institution University of Rizal System, Rodriguez, Rizal
Year degree granted 2015
520 ## - SUMMARY, ETC.
Summary, etc This study aimed to know the effects of social media on the study habits of Grade 7 students in San jose National High School. Fifteen(15) Students from one section were Purposely Selected.
650 ## - SUBJECT ADDED ENTRY--TOPICAL TERM
Source of heading or term Consumer behavior--Effect of social media on.
700 ## - ADDED ENTRY--PERSONAL NAME
Personal name Damalerio, Cherie Mae S. [and] Martinez, Klaire Alma Z.
Relator term Researcher
700 ## - ADDED ENTRY--PERSONAL NAME
Personal name Cortez, May A.
Relator term Adviser
942 ## - ADDED ENTRY ELEMENTS (KOHA)
Source of classification or shelving scheme Library of Congress Classification
Koha item type Theses and dissertations
Holdings
Withdrawn status Source of classification or shelving scheme Damaged status Not for loan Home library Current library Shelving location Date acquired Total Checkouts Full call number Barcode Date last seen Copy number Price effective from Koha item type
  Library of Congress Classification   Not For Loan Rodriguez College Library Rodriguez College Library Undergraduate Theses 07/17/2025   LG 221.R59 .B792 2015 URSROD-UGT-BSCI-0930 07/17/2025 1 07/17/2025 Theses and dissertations

University of Rizal System
Email us at univlibservices@urs.edu.ph

Visit our Website www.urs.edu.ph/library